000 00966nam a2200241 a 4500
001 000014763
005 20200929163911.0
008 100120s2008 dr ac r 001 0 spa d
020 _a9789945421552
040 _aDO-SdBNP
_bspa
_cBNPHU
082 _axxxx
_bxxxx
100 1 _aCampos Villalón, Luisa
_933473
245 1 0 _aPedro de Córdoba :
_bprecursor de una comunidad defensora de la vida /
_cLuisa Campos Villalón ; prólogo Carlos A. Azpíroz Costa.
260 _aSanto Domingo :
_bMSC,
_c2008.
300 _a207 p. :
_bil., retrs. ;
_c23 cm.
500 _aIncluye datos biográficos del autor en la solapa.
500 _aIncluye referencias bibliográficas y notas al pie de las páginas.
504 _aBibliografía : p. 153 - 157
600 1 4 _aCÓRDOBA, PEDRO DE,
_d1482-1525
_933474
650 4 _aMisiones
_xIglesia católica
_zRepública Dominicana
_xHistoria
_933475
650 4 _aDominicos
_933476
700 1 _aAzpíroz Costa, Carlos A.,
_epról.
_933477
999 _c14346
_d14346